000
00256nam a22001217a 4500
008
170704b xxu||||| |||| 00| 0 eng d
041
_a
eng
080
_a
82
100
_a
22
101
_a
GJL
245
_a
LITERARY ENGLAND
_c
SHERMAN,D.E
942
_2
udc
_c
BK
999
_c
19925
_d
19925